000 00390nam a2200157Ia 4500
003 OSt
005 20240116161332.0
008 230525s9999 xx 000 0 und d
082 _a780
_bBOAE
100 _aBoardman, Eunice and Landis, Beth
245 0 _aExploring music 2
260 _aNewyork
_bHolt, Rinehart & Winston
_c1925
300 _a164p
650 _aMusic/Art
942 _cBK
_2ddc
999 _c2931
_d2931